Statistieken voor Egypte Trivia Quiz

Klik hier om de quiz te nemen!

Algemene statistieken

  • Deze quiz is 118 keer genomen
  • De gemiddelde score is 16 van 24

Antwoordstatistieken

HintAntwoord% Correct
Wat is de hoofdstad van Egypte?Caïro
99%
Op welke rivier leeft de overgrote meerderheid van de Egyptenaren?De Nijl
96%
Wie was de oude Egyptische zonnegod?Ra
96%
Hoe heet het kanaal dat de Middellandse Zee en de Rode Zee met elkaar verbindt?Suezkanaal
90%
Wat is de officiële taal van Egypte?Arabisch
85%
Wat was de titel van de heersers van het oude Egypte?Farao
82%
Wat is de op één na grootste stad van Egypte?Alexandrië
81%
In welke stad is de Grote Piramide te vinden?Gizeh
81%
Welke beroemde bezienswaardigheid heeft het lichaam van een leeuw en een menselijk hoofd?De Sfinx van Gizeh
78%
Welk papierachtig materiaal is uitgevonden door de oude Egyptenaren?Papyrus
77%
De graf van welke tienerheerser werd ontdekt in 1922?Toetanchamon
72%
Welke oude Egyptische hoofdstad is de naamgever van een grote stad in Tennessee?Memphis
62%
Welk Egyptisch schiereiland werd in 1967 door Israël veroverd en in 1982 weer teruggegeven?Sinaï
62%
Wat is de naam van de christelijke etnische groep van Egypte?De kopten
61%
Welke stad is de naamgever van een populair casino in Las Vegas?Luxor
58%
Welk op symbolen gebaseerd schrijfsysteem werd in het oude Egypte gebruikt?Hiërogliefen
57%
Welke oude president werd omvergeworpen als gevolg van die protesten?Hosni Moebarak
56%
Welke grote dam aan die rivier werd in 1970 voltooid?Hoge Answandam
54%
Welke steen, ontdekt in 1799, leverde de sleutel om die symbolen te ontcijferen?De steen van {Rosetta}
53%
Welke 'grote' leider leidde Egypte 66 jaar lang, beginnend in 1279 voor Christus?Ramses II
49%
Welke oude godin werd gezien als de ideale moeder?Isis
44%
Welke vredestichtende president werd in 1981 vermoord?Anwar Sadat
44%
Wat was de locatie van de grootste protesten van de Arabische Lente in 2011?{Tahrir}plein
41%
Welke oude Egyptenaar wordt de eerste architect en dokter van de geschiedenis genoemd?Imhotep
22%

Scoreverdeling

Percentiel versus Aantal Correcte Antwoorden

Procent van Mensen met Elke Score

Uw Scoregeschiedenis

U heeft deze quiz nog niet genomen